| 000 | 00000nam 2200000zi 4500 |
| 001 | 9.945538 |
| 003 | CaOODSP |
| 005 | 20241125140734 |
| 006 | m o d f |
| 007 | cr mn||||||||| |
| 008 | 241125t19941994onc o f000 0 fre d |
| 020 | |z0662602757 |
| 040 | |aCaOODSP|bfre|erda|cCaOODSP |
| 043 | |an-cn--- |
| 086 | 1 |aE2-136/1994F-PDF|zE2-136/1994 |
| 245 | 00|aRapport du Canada à la Commission du développement durable des Nations Unies. |
| 264 | 1|a[Ottawa] : |b[Ministère des Affaires étrangères et du Commerce international = Department of Foreign Affairs and International Trade], |c[1994]. |
| 264 | 4|c©1994 |
| 300 | |a1 ressource en ligne (72 pages) |
| 336 | |atexte|btxt|2rdacontent/fre |
| 337 | |ainformatique|bc|2rdamedia/fre |
| 338 | |aressource en ligne|bcr|2rdacarrier/fre |
| 500 | |aÉdition numérisée de l'imprimée [par Direction des publications du gouvernement du Canada]. |
| 500 | |aPublié aussi en anglais sous le titre : Report of Canada to the United Nations Commission on sustainable development. |
| 650 | 6|aRelations internationales. |
| 650 | 6|aDéveloppement durable|zCanada. |
| 710 | 1 |aCanada. |bMinistère des affaires étrangères et du commerce international, |eorganisme de publication. |
| 775 | 08|tReport of Canada to the United Nations Commission on sustainable development.|w(CaOODSP)9.945535 |
| 776 | 0#|tRapport du Canada à la Commission du développement durable des Nations Unies |w(CaOODSP)9.656340 |
| 856 | 40|qPDF|s66.30 Mo|uhttps://publications.gc.ca/collections/collection_2024/amc-gac/E2-136-1994-fra.pdf |